| 000 | 01699nam a2200277Ia 4500 | ||
|---|---|---|---|
| 999 |
_c53456 _d53456 |
||
| 001 | 20500 | ||
| 003 | GE_BSU | ||
| 005 | 20210109211721.0 | ||
| 008 | 181216s1972||||ge |||||||||||||| || || | ||
| 040 | _cGE_BSU | ||
| 041 | _ageo | ||
| 080 | _a811.353.1-8(075.3=161.1) მ-93 | ||
| 100 |
_aმუშკუდიანი, ვარლამი _910019 |
||
| 245 |
_aქართული ენა : _bსახელმძღვ. საქ. სსრ რუსული სკოლის მე-4 კლასისათვის / _c ვარლამი მუშკუდიანი, გ. ბერიძე, მ. ჩინჩალაძე ; რედ.: გ. ახალაია, ც. ნევეროვსკაია. _h |
||
| 250 | _aმე-2 გამოცემა | ||
| 264 |
_aთბილისი : _bგანათლება, _c1972. |
||
| 300 |
_a158 გვ. : _bილ. ; _c22 სმ. |
||
| 541 | _h20 თ. | ||
| 653 | _aსახელმძღვანელო საქართველოს სსრ რუსული სკოლის მე-4 კლასისათვის | ||
| 653 | _aქართული ენა | ||
| 700 |
_aბერიძე, გ. _eავტორი _99824 |
||
| 700 |
_aჩინჩალაძე, მ. _eავტორი _910020 |
||
| 700 |
_aახალაია, გ. _eრედაქტორი _99826 |
||
| 700 |
_aნევეროვსკაია, ც. _eრედაქტორი _99827 |
||
| 942 |
_cBK _2udc |
||